000 00865nam a2200301 a 4500
003 AR-BaBNM
005 20251128205948.0
008 082120s2002 ||||||||||||||000 | spa||
020 _a968-23-1638-3
040 _cAR-BaBNM
100 1 _aCardoso, Fernando Henrique
245 0 0 _aDependencia y desarrollo en América Latina
_bensayo de interpretación sociológica
260 _aMéxico, D.F.
_bSiglo Veintiuno
_c1996
300 _a213 p.
490 0 _aSociología y política
650 4 _aECONOMIA
650 4 _aPLANIFICACION Y ADMINISTRACION ECONOMICAS
650 4 _aPOLITICA DE DESARROLLO
650 4 _aHISTORIA ECONOMICA
650 4 _aSUBDESARROLLO
650 4 _aPROBLEMAS SOCIALES
650 4 _aDEPENDENCIA ECONOMICA
650 4 _aCAPITALISMO
651 4 _aAmérica Latina
700 1 _aFaletto, Enzo
942 _cBK
998 _cMariana
999 _c13495
_d13495